Statistics for Countries with McDonald's Map Quiz

Click here to take the quiz!

General Stats

  • This quiz has been taken 39 times
  • The average score is 94 of 100

Answers on the Map

Answers color-coded by a green-red scale on the quiz's map according to % correct below.
Loading ...
 

Answer Stats

Country% Correct
Paraguay
100%
United States
100%
India
100%
Ireland
100%
United Kingdom
100%
South Africa
100%
Argentina
100%
China
100%
Chile
100%
Canada
100%
Mexico
100%
Brazil
100%
Australia
100%
Peru
100%
Uruguay
100%
Russia
97%
Italy
97%
Switzerland
97%
Hungary
97%
Iraq
97%
Poland
97%
Sweden
97%
Japan
97%
Netherlands
97%
Spain
97%
Saudi Arabia
97%
Portugal
97%
Norway
97%
Latvia
97%
New Zealand
97%
Greece
97%
South Korea
97%
Thailand
97%
Germany
97%
Ukraine
97%
Belgium
97%
Denmark
97%
Venezuela
97%
Bahamas
97%
Colombia
97%
Estonia
97%
Austria
97%
Turkey
97%
Finland
97%
France
97%
Azerbaijan
94%
Malaysia
94%
Belarus
94%
Bulgaria
94%
Moldova
94%
Oman
94%
Costa Rica
94%
Slovakia
94%
Lithuania
94%
Georgia
94%
Slovenia
94%
Croatia
94%
Cuba
94%
Czech Republic
94%
Jordan
94%
Ecuador
94%
Egypt
94%
Indonesia
94%
Vietnam
94%
Singapore
92%
Serbia
92%
Romania
92%
United Arab Emirates
92%
Andorra
92%
Philippines
92%
Kazakhstan
92%
Pakistan
92%
Bahrain
92%
Nicaragua
92%
Bosnia and
Herzegovina
92%
Panama
92%
Monaco
92%
Israel
92%
El Salvador
92%
Fiji
92%
Lebanon
92%
Guatemala
92%
Dominican Republic
89%
Taiwan
89%
Cyprus
89%
Honduras
89%
Sri Lanka
89%
Suriname
89%
Kuwait
89%
Luxembourg
89%
Malta
89%
Samoa
89%
Morocco
89%
Qatar
89%
Liechtenstein
89%
Kosovo
83%
Trinidad and Tobago
83%
Sudan
78%
Brunei
78%
Mauritius
69%

Score Distribution

Percentile by Number Answered

Percent of People with Each Score

Your Score History

You have not taken this quiz